El amor en los tiempos del cólera /
Guardado en:
| Autor Principal: | |
|---|---|
| Formato: | Libro |
| Publicado: |
Barcelona :
Rba,
1993
|
| Series: | Narrativa actual
|
| Materias: | |
| Etiquetas: |
Agregar Etiqueta
Sin Etiquetas, Sea el primero en etiquetar este registro!
|
| LEADER | 00716nam a22002295a 4500 | ||
|---|---|---|---|
| 001 | CEM.cems010770 | ||
| 005 | 20060214000000.0 | ||
| 008 | 130507s1993##################000#0#####d | ||
| 003 | CEMS | ||
| 020 | |a 8447301672 | ||
| 082 | 0 | 4 | |a C863.4 |
| 100 | 1 | |a García Márquez, Gabriel | |
| 245 | 1 | 0 | |a El amor en los tiempos del cólera / |c Gabriel García Márquez |
| 260 | |a Barcelona : |b Rba, |c 1993 | ||
| 300 | |a 441 p. | ||
| 490 | 0 | |a Narrativa actual | |
| 653 | |a Literatura | ||
| 653 | |a Literatura colombiana siglo 20 | ||
| 653 | |a Novela colombiana siglo 20 | ||
| 653 | |a Novelas | ||
| 859 | |a CEMS |b BIB. CEMS - 11 de abril |h C863.4 |i G165-2 |p 14166.86 |t Ej.2 | ||
| 859 | |a CEMS |b BIB. CEMS - 11 de abril |h C863.4 |i G165-2 |p 21438.01 |t Ej.1 | ||
